| 000 | 01533nam a2200217 a 4500 | ||
|---|---|---|---|
| 001 | 000042841 | ||
| 005 | 20201002040434.0 | ||
| 008 | 140211s1994 dr a 000 0 spa d | ||
| 040 |
_aDO-SdBNP _bspa _cBNPHU |
||
| 082 |
_a382.6 _bP969r |
||
| 245 | 0 | 0 |
_aProyecto de reforma de la politica de exportación / _cintroducción, Ellen Pérez de Cuello. |
| 260 |
_aSanto Domingo : _bADOEXPO, _c1994. |
||
| 300 |
_a127 p. : _bil. ; _c27 cm. |
||
| 590 | _aInventariado, 2018/VM | ||
| 505 | 0 | _aLa exportaciones, la competencia y la supervivencia/Carlos Despradel 7 -- La modernización y la concentración empresarial frente al comercio exterior/Dalton Daemon 43 -- Tecnología de la información y el comercio internacional 43 -- Planes económicos y desarrollo de las exportaiones/David Tunik 55 -- Técnicas de comercialización de agroexportaciones/David Flood 89 -- Reseña períodistica Técnicas de negociaciones comerciales internacionales /Juan Luis Colaiacovo 104 -- Aplicación del modelo chileno de promoción de exportaciones a la R.D./Fernando Soro 105 -- Asistencia flexible, práctica y directa a la empresa, el CDI y DOMINEX/José Alejandro Ayuso 123 | |
| 651 | 4 |
_aRepública Dominicana _xComercio Exterior _xEnsayos, Conferencias, Etc. _970220 |
|
| 651 | 4 |
_aRepública Dominicana _xPolítica Económica _xEnsayos, Conferencias, Etc. _91168 |
|
| 700 | 1 | 2 |
_aPérez de Cuello, Ellen _eint. _970221 |
| 710 | 2 | 2 |
_aAsociación Dominicana de Exportadores, Inc. (República Dominicana) _970222 |
| 910 | _aValidado. Control de calidad MFF | ||
| 999 |
_c42330 _d42330 |
||